Ten questions for mathematics teachers ... and how PISA can help answer them

Na minha lista:
Detalhes bibliográficos
Formato: Livro
Idioma:inglês
Publicado em: Paris OECD 2016
Colecção:PISA
Assuntos:
Tags: Adicionar Tag
Sem tags, seja o primeiro a adicionar uma tag!

MARC

LEADER 00000nam a2200000 4500
001 0230531
005 20240314123546.4
020 |a 978-92-64-26537-0 
020 |a 978-9264-26537-0 
041 0 |a eng 
044 |a FR 
245 1 0 |a Ten questions for mathematics teachers  |b ... and how PISA can help answer them 
264 1 |a Paris  |b OECD  |c 2016 
300 |a 90 s. 
490 1 |a PISA 
830 0 |a PISA 
610 2 0 |a školstvo 
610 2 0 |a vzdelávanie 
610 2 0 |a matematika 
610 2 0 |a učitelia 
610 2 0 |a hodnotenie práce 
610 2 0 |a porovnanie medzinárodné 
610 2 0 |a úroveň vzdelanostná 
610 2 0 |a spolupráca medzinárodná 
610 2 0 |a poradenstvo